[Event "Capablanca Memorial op 44th"]
[Site "Havana"]
[Date "2009.06.12"]
[Round "5"]
[White "Mena Crespo, Carlos E"]
[Black "Corrales Jimenez, Zenia"]
[Result "0-1"]
[WhiteElo "2353"]
[BlackElo "2143"]
[PlyCount "104"]
[EventDate "2009.06.08"]
[EventType "swiss"]
[EventRounds "10"]
[EventCountry "CUB"]
[SourceTitle "CBM 130 Extra"]
[Source "ChessBase"]
[SourceDate "2009.07.02"]
[SourceVersion "2"]
[SourceVersionDate "2009.07.15"]
[SourceQuality "1"]

1. Nf3 Nf6 2. g3 d5 3. c4 e6 4. b3 Be7 5. Bg2 c5 6. Bb2 Nc6 7. e3 0-0 8. 0-0 b6 9. Nc3 Bb7 10. cxd5 Nxd5 11. Nxd5 exd5 12. d4 a5 13. a4 cxd4 14. Nxd4 Nb4 15. Qg4 Bf6 16. Rfd1 Kh8 17. Rd2 Rc8 18. Rad1 Rc5 19. Ba3 Qc8 20. Qh5 g6 21. Qf3 Bg7 22. h4 h5 23. Qf4 Qb8 24. Qxb8 Rxb8 25. Nb5 Rd8 26. e4 d4 27. Nxd4 Rc7 28. Nb5 Rxd2 29. Rxd2 Re7 30. Rd8+ Kh7 31. Bxb4 axb4 32. Nd6 Ba6 33. Bf1 Bb7 34. Nxb7 Rxb7 35. f4 Bf6 36. Rd1 Kg7 37. Bc4 Be7 38. Kg2 Rc7 39. Kf3 Rb7 40. Rd3 Rc7 41. Rd5 Ra7 42. f5 Rc7 43. fxg6 fxg6 44. Kf4 Rc8 45. Rd7 Kf8 46. e5 Ke8 47. Ra7 Rxc4+ 48. bxc4 b3 49. Ra8+ Bd8 50. a5 b2 51. a6 b1Q 52. a7 Qc1+ 0-1

[Event "Moncada op 6th"]
[Site "Santiago de Cuba"]
[Date "2009.05.23"]
[Round "7"]
[White "Mena Crespo, Carlos E"]
[Black "Garcia Carey, Osmel"]
[Result "0-1"]
[WhiteElo "2337"]
[BlackElo "2349"]
[PlyCount "144"]
[EventDate "2009.05.16"]
[EventType "swiss"]
[EventRounds "9"]
[EventCountry "CUB"]
[SourceTitle "CBM 130 Extra"]
[Source "ChessBase"]
[SourceDate "2009.07.02"]
[SourceVersion "2"]
[SourceVersionDate "2009.07.15"]
[SourceQuality "1"]

1. Nf3 Nf6 2. b3 d6 3. d4 Bg4 4. g3 c6 5. Bg2 Nbd7 6. Nbd2 e5 7. dxe5 dxe5 8. e4 Bb4 9. 0-0 0-0 10. Qe2 Re8 11. Rd1 Qc7 12. h3 Bxf3 13. Bxf3 Nf8 14. Bb2 Ne6 15. c3 Bc5 16. b4 Bf8 17. Nc4 b5 18. Na5 Nc5 19. c4 Na4 20. cxb5 Bxb4 21. Nxc6 Bc3 22. Ba3 Bxa1 23. Rxa1 a6 24. Rc1 Qb7 25. bxa6 Qxa6 26. Qxa6 Rxa6 27. Be2 Raa8 28. f3 Nb6 29. Rc3 Kh8 30. Bb5 Rec8 31. Kf2 Ra5 32. Nxa5 Rxc3 33. Bd6 Rc2+ 34. Ke3 Rxa2 35. Nc4 Nfd7 36. Nd2 Ra5 37. Bc6 Ra6 38. Bb7 Ra2 39. Bc6 Rc2 40. Bb5 Rc3+ 41. Ke2 f6 42. Bb4 Rc1 43. Ke3 Nc5 44. Be2 Ne6 45. Ba5 Rc6 46. f4 Nd4 47. Bd3 Nd7 48. Nc4 Rc8 49. fxe5 fxe5 50. Bc3 Nc6 51. Nd6 Ra8 52. Bb5 Ra3 53. Kd2 Ndb8 54. Nc4 Ra2+ 55. Ke3 Rg2 56. Nxe5 Rxg3+ 57. Nf3 Rxh3 58. Kf4 h6 59. e5 Ne7 60. Ke4 Rg3 61. e6 Nbc6 62. Kf4 Rg2 63. Bd2 h5 64. Be1 Rg4+ 65. Ke3 Nd5+ 66. Kd3 Nce7 67. Be8 Nf4+ 68. Ke3 Ng2+ 69. Kd2 Nxe1 70. Nxe1 h4 71. Nf3 h3 72. Ke2 h2 0-1

[Event "Moncada op 6th"]
[Site "Santiago de Cuba"]
[Date "2009.05.20"]
[Round "5"]
[White "Llaudy Pupo, Lisandra"]
[Black "Mena Crespo, Carlos E"]
[Result "0-1"]
[WhiteElo "2230"]
[BlackElo "2337"]
[PlyCount "116"]
[EventDate "2009.05.16"]
[EventType "swiss"]
[EventRounds "9"]
[EventCountry "CUB"]
[SourceTitle "CBM 130 Extra"]
[Source "ChessBase"]
[SourceDate "2009.07.02"]
[SourceVersion "2"]
[SourceVersionDate "2009.07.15"]
[SourceQuality "1"]

1. e4 c5 2. Nf3 d6 3. d3 Nc6 4. g3 g6 5. Bg2 Bg7 6. 0-0 e5 7. c3 Nge7 8. Be3 0-0 9. Na3 b6 10. Qd2 Bg4 11. h3 Bxf3 12. Bxf3 a5 13. Bg2 Rb8 14. Nb5 Qd7 15. d4 Nxd4 16. Nxd4 exd4 17. cxd4 Qb5 18. Rad1 Nc6 19. dxc5 dxc5 20. b3 Rbd8 21. Qc1 Qe2 22. a4 Bd4 23. Bxd4 Nxd4 24. Qc4 Qh5 25. Rd3 Rfe8 26. Kh2 Qh6 27. f4 Qf8 28. e5 Kg7 29. Qa6 Re6 30. Qb7 Qe8 31. h4 Rb8 32. Qd5 Rd8 33. Qc4 f6 34. Bh3 Re7 35. Qa6 Qc6 36. Bg2 Qc7 37. exf6+ Kxf6 38. Rf2 Qd6 39. Qc4 Kg7 40. Qc3 Qf6 41. Qc4 Rde8 42. Qd5 Re1 43. Qb7+ R8e7 44. Qc8 Qf7 45. Qd8 R1e2 46. Rd2 Rxd2 47. Rxd2 Rd7 48. Qxb6 Nf3+ 49. Bxf3 Rxd2+ 50. Kh3 Qf5+ 51. g4 Qxf4 52. Qb7+ Qf7 53. Qxf7+ Kxf7 54. Kg3 Rd3 55. Kf4 Kf6 56. g5+ Ke7 57. h5 Rxf3+ 58. Kxf3 gxh5 0-1

[Event "Moncada op 6th"]
[Site "Santiago de Cuba"]
[Date "2009.05.18"]
[Round "3"]
[White "Mena Crespo, Carlos E"]
[Black "Guerra Mojena, Leandro"]
[Result "1/2-1/2"]
[WhiteElo "2337"]
[BlackElo "2252"]
[PlyCount "151"]
[EventDate "2009.05.16"]
[EventType "swiss"]
[EventRounds "9"]
[EventCountry "CUB"]
[SourceTitle "CBM 130 Extra"]
[Source "ChessBase"]
[SourceDate "2009.07.02"]
[SourceVersion "2"]
[SourceVersionDate "2009.07.15"]
[SourceQuality "1"]

1. Nf3 c5 2. b3 Nf6 3. c4 e6 4. g3 Be7 5. Bg2 Nc6 6. 0-0 d5 7. cxd5 Nxd5 8. Bb2 Bf6 9. Qc1 0-0 10. Rd1 Bd7 11. Bxf6 Qxf6 12. Nc3 Nxc3 13. Qxc3 Qxc3 14. dxc3 Rfd8 15. Nd2 Be8 16. Ne4 Rxd1+ 17. Rxd1 b6 18. Kf1 Rd8 19. Ke1 Rxd1+ 20. Kxd1 Bd7 21. Kd2 Kf8 22. Nd6 Nb8 23. a4 Ke7 24. Nc4 Bc6 25. e4 Nd7 26. Ke3 f6 27. f4 g5 28. Bh3 h6 29. Bg4 Bb7 30. Bd1 Bc6 31. e5 fxe5 32. fxg5 hxg5 33. Bc2 Bd5 34. h4 gxh4 35. gxh4 Bxc4 36. bxc4 Nf6 37. Bg6 Kf8 38. h5 Kg7 39. Kf3 Kh6 40. Bf7 Kg5 41. Ke3 Kf5 42. Bg6+ Kg5 43. Bf7 Kf5 44. Bg6+ Kg5 45. Bf7 a6 46. Kf3 e4+ 47. Ke3 Kf5 48. Bg6+ Ke5 49. Ke2 Ng4 50. Bf7 Nh6 51. Bg6 Nf5 52. Be8 Kf6 53. Kf2 Kg5 54. Bg6 Kf6 55. Ke2 Kg5 56. Kf2 e3+ 57. Ke2 Ng3+ 58. Kxe3 Nxh5 59. Bh7 Kf6 60. Bc2 Ke5 61. Kf3 Ng7 62. Ke3 Nf5+ 63. Kf3 Nd4+ 64. cxd4+ Kxd4 65. Bb3 Kc3 66. Bd1 Kxc4 67. Be2+ Kb3 68. Bxa6 Kxa4 69. Bc8 c4 70. Bxe6 c3 71. Ke3 Ka3 72. Bf5 b5 73. Kd4 Kb3 74. Kc5 b4 75. Kb5 Ka3 76. Kc4 1/2-1/2

[Event "Camaguey Juegos del Alba 3rd sf"]
[Site "Camaguey"]
[Date "2009.04.20"]
[Round "1"]
[White "Mena Crespo, Carlos E"]
[Black "Angulo P, Carlos"]
[Result "1-0"]
[WhiteElo "2353"]
[BlackElo "2184"]
[PlyCount "91"]
[EventDate "2009.04.20"]
[EventType "team-k.o."]
[EventRounds "1"]
[EventCountry "CUB"]
[SourceTitle "EXT 2019"]
[Source "ChessBase"]
[SourceDate "2018.10.10"]
[SourceVersion "1"]
[SourceVersionDate "2018.10.10"]
[SourceQuality "1"]
[WhiteTeam "Cuba"]
[BlackTeam "Bolivia"]
[WhiteTeamCountry "CUB"]
[BlackTeamCountry "BOL"]

1. d4 Nf6 2. c4 e6 3. Nf3 d5 4. Nc3 c6 5. e3 a6 6. b3 c5 7. cxd5 exd5 8. Be2 Nc6 9. 0-0 Be7 10. Bb2 0-0 11. Rc1 cxd4 12. Nxd4 Ne5 13. Qc2 b5 14. Nf5 Re8 15. Rfd1 Bf8 16. Nd4 Bb7 17. Nf3 Ng6 18. Bf1 Rc8 19. Qb1 Qb6 20. Ne2 Ne4 21. Bd4 Qe6 22. Rxc8 Rxc8 23. Rc1 Bd6 24. Rxc8+ Qxc8 25. Qc1 f6 26. Qxc8+ Bxc8 27. Nc3 Nxc3 28. Bxc3 Ne5 29. Nd4 Bd7 30. g3 Nc6 31. Bg2 Nxd4 32. Bxd4 Be6 33. Kf1 Kf7 34. Ke2 Ke7 35. Kd2 Be5 36. Kc3 Bxd4+ 37. Kxd4 Kd6 38. b4 f5 39. h4 h6 40. Bf3 g6 41. Bd1 Bf7 42. Bb3 Be6 43. f3 g5 44. a3 g4 45. fxg4 fxg4 46. Bc2 1-0